000 00649nam a2200157 a 4500
001 000049030
005 20240307073949.0
008 150612s2004 dr 000 0 spa d
040 _aDO-SdBNP
_bspa
_cBNPHU
082 _axxx
_bxxx
110 1 _aUniversidad Autónoma de Santo Domingo
_972951
245 1 0 _aReglamento para el Consejo Directivo de la Facultad de Humanidades :
_baprobada su modificación en fecha 31 de julio del 2003 mediante resolución num. 132-03 Resolución no. 03-03, fecha 19 de noviembre, 2003.
260 _aSanto Domingo, República Dominicana :
_bUASD,
_c2004.
300 _a19 p. ;
_c21 cm.
590 _aInventariado, 2019/VM
999 _c48518
_d48518